<?xml version="1.0" encoding="UTF-8"?>
<record
    xmlns:xsi="http://www.w3.org/2001/XMLSchema-instance"
    xsi:schemaLocation="http://www.loc.gov/MARC21/slim http://www.loc.gov/standards/marcxml/schema/MARC21slim.xsd"
    xmlns="http://www.loc.gov/MARC21/slim">

  <leader>01619nam a2200337 u 4500</leader>
  <controlfield tag="001">53750</controlfield>
  <controlfield tag="005">20260504074302.0</controlfield>
  <controlfield tag="008">960313s1986                        spa  </controlfield>
  <datafield tag="020" ind1=" " ind2=" ">
    <subfield code="a">9788420681863</subfield>
  </datafield>
  <datafield tag="035" ind1=" " ind2=" ">
    <subfield code="a">53750</subfield>
  </datafield>
  <datafield tag="035" ind1=" " ind2=" ">
    <subfield code="a">(OCoLC)778153554</subfield>
  </datafield>
  <datafield tag="040" ind1=" " ind2=" ">
    <subfield code="c">comduadb</subfield>
  </datafield>
  <datafield tag="041" ind1=" " ind2=" ">
    <subfield code="a">spa</subfield>
  </datafield>
  <datafield tag="080" ind1=" " ind2=" ">
    <subfield code="a">JC</subfield>
  </datafield>
  <datafield tag="082" ind1=" " ind2="4">
    <subfield code="a">510</subfield>
  </datafield>
  <datafield tag="100" ind1="1" ind2="0">
    <subfield code="a">Boyer, Carl B.</subfield>
    <subfield code="4">aut</subfield>
    <subfield code="e">aut</subfield>
    <subfield code="9">477751</subfield>
  </datafield>
  <datafield tag="245" ind1="1" ind2="0">
    <subfield code="a">Historia de la matem&#xE1;tica</subfield>
  </datafield>
  <datafield tag="260" ind1=" " ind2=" ">
    <subfield code="a">Barcelona :</subfield>
    <subfield code="b">Alianza Editorial,</subfield>
    <subfield code="c">1986.</subfield>
  </datafield>
  <datafield tag="260" ind1=" " ind2=" ">
    <subfield code="c">1999.</subfield>
  </datafield>
  <datafield tag="300" ind1=" " ind2=" ">
    <subfield code="a">808 p&#xE1;ginas :</subfield>
    <subfield code="b">ilustraciones</subfield>
  </datafield>
  <datafield tag="490" ind1="0" ind2=" ">
    <subfield code="a">Ciencia y Tecnolog&#xED;a ;</subfield>
    <subfield code="v">018</subfield>
  </datafield>
  <datafield tag="500" ind1=" " ind2=" ">
    <subfield code="a">Titulo original : a history of mathematicsincluye bibliografia y apendicesisbn : 84-206-8094-x(rustica) : $18800.</subfield>
  </datafield>
  <datafield tag="500" ind1=" " ind2=" ">
    <subfield code="a">Primera edici&#xF3;n en manuales 1999.</subfield>
  </datafield>
  <datafield tag="520" ind1="3" ind2=" ">
    <subfield code="a">El objetivo de esta historia de la matem&#xE1;tica es mostrar el proceso de investigaci&#xF3;n y de descubrimientos que ha desembocado en las matem&#xE1;ticas de nuestro tiempo. Entre sus caracter&#xED;sticas m&#xE1;s notables figuran la amplitud del per&#xED;odo estudiado (desde la prehistoria hasta mediados del siglo XX), la ponderada distribuci&#xF3;n del espacio dedicado a cada &#xE9;poca y a cada cultura  (entre ellas las no occidentales : india, &#xE1;rabe y china), el correcto planteamiento del entorno social y pol&#xED;tico de la historia de la matem&#xE1;tica y un nivel de profundidad cr&#xED;tica desprovisto.</subfield>
  </datafield>
  <datafield tag="650" ind1=" " ind2="7">
    <subfield code="a">&#xC1;lgebra</subfield>
    <subfield code="2">lemb</subfield>
    <subfield code="9">5458</subfield>
  </datafield>
  <datafield tag="650" ind1=" " ind2="7">
    <subfield code="a">Aritm&#xE9;tica</subfield>
    <subfield code="2">lemb</subfield>
    <subfield code="9">30101</subfield>
  </datafield>
  <datafield tag="650" ind1=" " ind2=" ">
    <subfield code="a">Concepto de n&#xFA;mero</subfield>
    <subfield code="9">46277</subfield>
  </datafield>
  <datafield tag="650" ind1=" " ind2="7">
    <subfield code="a">Matem&#xE1;ticas</subfield>
    <subfield code="x">Historia</subfield>
    <subfield code="2">lemb</subfield>
    <subfield code="9">179581</subfield>
  </datafield>
  <datafield tag="700" ind1="1" ind2="0">
    <subfield code="a">Mart&#xED;nez P&#xE9;rez, Mariano</subfield>
    <subfield code="4">trl</subfield>
    <subfield code="e">trl</subfield>
    <subfield code="9">598872</subfield>
  </datafield>
  <datafield tag="942" ind1=" " ind2=" ">
    <subfield code="c">BOOK</subfield>
  </datafield>
  <datafield tag="999" ind1=" " ind2=" ">
    <subfield code="c">35937</subfield>
    <subfield code="d">35937</subfield>
  </datafield>
  <datafield tag="952" ind1=" " ind2=" ">
    <subfield code="0">0</subfield>
    <subfield code="1">0</subfield>
    <subfield code="4">0</subfield>
    <subfield code="7">0</subfield>
    <subfield code="8">GEN</subfield>
    <subfield code="a">BC</subfield>
    <subfield code="b">BC</subfield>
    <subfield code="d">1997-06-25</subfield>
    <subfield code="i">C88472</subfield>
    <subfield code="l">2</subfield>
    <subfield code="m">1</subfield>
    <subfield code="o">510.9 B791h</subfield>
    <subfield code="p">61000000928776</subfield>
    <subfield code="r">2026-04-22 15:51:42</subfield>
    <subfield code="s">2025-07-30</subfield>
    <subfield code="t">1</subfield>
    <subfield code="w">2023-04-20</subfield>
    <subfield code="y">BOOK</subfield>
  </datafield>
  <datafield tag="952" ind1=" " ind2=" ">
    <subfield code="0">0</subfield>
    <subfield code="1">0</subfield>
    <subfield code="4">0</subfield>
    <subfield code="7">0</subfield>
    <subfield code="8">RESERVA</subfield>
    <subfield code="a">CEDED</subfield>
    <subfield code="b">CEDED</subfield>
    <subfield code="d">2010-08-03</subfield>
    <subfield code="e">Cooprudea</subfield>
    <subfield code="i">C1093562</subfield>
    <subfield code="l">0</subfield>
    <subfield code="o">JC/0649</subfield>
    <subfield code="p">0597903</subfield>
    <subfield code="r">2023-04-20 00:00:00</subfield>
    <subfield code="t">2</subfield>
    <subfield code="w">2023-04-20</subfield>
    <subfield code="y">BOOK</subfield>
  </datafield>
</record>
